Central Library OPAC University of Rajshahi

Art in Europe, 1700-1830 : (Record no. 62070)

MARC details
000 -LEADER
fixed length control field 00976nam a2200277 a 4500
001 - CONTROL NUMBER
control field 62070
003 - CONTROL NUMBER IDENTIFIER
rucl marc code BD-RjUL
005 - DATE AND TIME OF LATEST TRANSACTION
control field 20211209081035.0
008 - FIXED-LENGTH DATA ELEMENTS--GENERAL INFORMATION
fixed length control field 170122s1997 enkab b 001 0 eng
020 ## - INTERNATIONAL STANDARD BOOK NUMBER
International Standard Book Number 0192842463 (hb : acidfree paper)
International Standard Book Number 0192842064 (pbk. : acidfree paper)
035 ## - SYSTEM CONTROL NUMBER
System control number (BD-RjUL)62195
040 ## - CATALOGING SOURCE
Original cataloging agency DLC
Transcribing agency DLC
Modifying agency BD-RjUL
Language of cataloging eng
041 ## - LANGUAGE CODE
Language code of text/sound track or separate title eng
082 00 - DEWEY DECIMAL CLASSIFICATION NUMBER
Classification number 709.409033
Edition number 23
Author mark and year CRA 1997
100 1# - MAIN ENTRY--PERSONAL NAME
Personal name Craske, Matthew.
9 (RLIN) 184640
245 10 - TITLE STATEMENT
Title Art in Europe, 1700-1830 :
Remainder of title a history of the visual arts in an era of unprecedented urban economic growth /
Statement of responsibility, etc. Matthew Craske.
260 ## - PUBLICATION, DISTRIBUTION, ETC. (IMPRINT)
Place of publication, distribution, etc. New York :
Name of publisher, distributor, etc. Oxford University Press,
Date of publication, distribution, etc. c1997.
300 ## - PHYSICAL DESCRIPTION
Pagination 320 p. :
Illustrations ill. ;
Size 25 cm.
504 ## - BIBLIOGRAPHY, ETC. NOTE
Bibliography, etc Includes bibliographical references (p. 291-301) and index.
650 #0 - SUBJECT ADDED ENTRY--TOPICAL TERM
Topical term or geographic name as entry element Art, European
Chronological subdivision 18th century.
9 (RLIN) 184642
Topical term or geographic name as entry element Art, European
Chronological subdivision 19th century.
9 (RLIN) 184643
942 ## - ADDED ENTRY ELEMENTS (KOHA)
Source of classification or shelving scheme Dewey Decimal Classification
Koha item type Books
Holdings
Lost status Source of classification or shelving scheme Damaged status Not for loan Collection code Permanent Location Current Location Shelving location Date acquired Source of acquisition Cost, normal purchase price Total Checkouts Full call number Date last seen Copy number Koha item type
  Dewey Decimal Classification   Not For Loan Non-fiction Central Library, University of Rajshahi Central Library, University of Rajshahi Reading Room 19/09/2010 Dhaka paragon enterprises ltd. 8.99   709.409033 CRA 1997 22/01/2017 C-1 Books